000 00346nam a2200145Ia 4500
008 221030s9999 xx 000 0 und d
041 _aEnglish
082 _a105.23
_bGoy
100 _aS. C. Goyal
245 0 _aSignals & Systems
_cby S. C. Goyal
260 _bTechnical Pub.
_aPune
_c2001
300 _a526
650 _aBE Computer
942 _cBK
999 _c8120
_d8120